000 01073cam a22003257a 4500
003 CHAP
005 20220817040848.0
008 971013s1990 r 00010 d
010 _a1674
011 _a2646
035 _a1841
040 _cCHAP
090 _aTesis
100 0 0 _aChaidez Bolado, Roberto.
_921731
245 0 _aEvaluación de la degradación del suelo por erosión hídrica en el estado de Jalisco
260 _aChapingo, Méx. :
_bEl autor,
_c1990
300 _a112 h.
_b: gráfs. ; mapas ; tablas
502 _aTesis (Ing. Agr. Esp. en Suelos) -- UACH. Departamento de Suelos
590 _aALEPH
_b10
_c20130110
_lUCH01
_h1209
590 _aBATCH-UPD
_b10
_c20130110
_lUCH01
_h1612
590 _aBATCH-UPD
_b10
_c20130410
_lUCH01
_h1008
590 _aBATCH-UPD
_b10
_c20130914
_lUCH01
_h1318
590 _aCONVERSION
_b10
_c20130109
_lUCH01
_h1302
650 1 4 _aErosión hídrica.
650 1 4 _aSuelos
_xDegradación.
_9110336
901 _aBK
942 _cTESIS
949 _bBC
_cTES
_d-11335
_eTS1
_h23403
_i1841
_si
949 _bS
_cTES
_d-4151
_eTS1
_i1841
_si
999 _c1674
_d1674